000 00291nam a2200121Ia 4500
008 190216s9999||||xx |||||||||||||| ||und||
100 _aDouglass Mcgregor
245 0 _aProfessional Manager
260 _bNew Central Book Agencies
_c1967
300 _a202p
650 _aCommerce
942 _cBK
999 _c4691
_d4691